000 00752nam a2200181Ii 4500
003 JO-AjNU
008 230606s9999||||xx |||||||||||||| ||und||
040 _aJO-AjNU
_beng
_erda
_cJO-AjNU
041 _aeng
050 1 4 _aQA76 2018
100 3 _apreparation عبدالله مصباح عبد القادر حمد,عبدالله عبد السلام بني حمدان،محمد حسان محمد المومني , Supervisor غازي الشقاح ,
_eauthor
_96049
245 0 0 _aEducational site for children autism and delayed linguistic therapy
264 3 1 _aAjIoun: AjIoun National University, 2018
336 _atext
_btxt
_2rdacontent
337 _aunmediated
_bn
_2rdamedia
338 _avolume
_bnc
_2rdacarrier
650 4 _aEducational site
_96050
999 _aE3138
_c3135
_d3135